| 000 | 00995nab a2200313 4500 | ||
|---|---|---|---|
| 003 | BR-BrBNA | ||
| 005 | 20260218161420.0 | ||
| 008 | 260218b bl.||||| |||| 00| 0 por d | ||
| 040 |
_aBR-BrBNA _bpor |
||
| 072 | _aE40 ; E14 ; E70 ; E71 ; E72 | ||
| 100 | _aPopov, Daniel | ||
| 245 |
_aO gol de placa da Aurora _bCapa |
||
| 500 | _a18 illus.; 4 graphs | ||
| 650 | _aCOOPERATIVA DE PRODUTORES | ||
| 650 | _aDESENVOLVIMENTO COOPERATIVISTA | ||
| 650 | _aGESTÃO | ||
| 650 | _aADOÇÃO DE TECNOLOGIA | ||
| 650 | _aPRODUTIVIDADE | ||
| 650 | _aSUINOCULTURA | ||
| 650 | _aAVICULTURA | ||
| 650 | _aLEITE | ||
| 650 | _aAGREGAÇÃO DE VALOR | ||
| 650 | _aCOMERCIALIZAÇÃO | ||
| 650 | _aMERCADO INTERNO | ||
| 650 | _aEXPORTAÇÃO | ||
| 773 | 0 |
_01706 _9348138 _dSão Paulo-SP Editora Três Ltda - E-mail: luizfsa@revistadinheiro.com.br 2004 _o2025-0629 _tDinheiro Rural (Brazil) _x1807-3700 _gv. 9(116) p. 36-43; (Jul 2014) _wBR2025005956 |
|
| 942 | _cANA | ||
| 999 |
_c340089 _d340089 |
||